Ocho cuentos de Pérez Galdós / (Record no. 6560)
[ view plain ]
| 000 -LEADER | |
|---|---|
| campo de control de longitud fija | 01030nam a2200241 i 4500 |
| 001 - NÚMERO DE CONTROL | |
| campo de control | 6560 |
| 003 - IDENTIFICADOR DE NÚMERO DE CONTROL | |
| campo de control | ES-MaACL |
| 005 - FECHA Y HORA DE LA ÚLTIMA TRANSACCIÓN | |
| campo de control | 20250804062608.0 |
| 007 - CAMPO FIJO DE DESCRIPCIÓN FÍSICA--INFORMACIÓN GENERAL | |
| campo de control de longitud fija | t| |
| 008 - DATOS DE LONGITUD FIJA--INFORMACIÓN GENERAL | |
| campo de control de longitud fija | 900115s1988 sp a |||| | spa d |
| 020 ## - NÚMERO INTERNACIONAL ESTÁNDAR DEL LIBRO | |
| Número Internacional Estándar del Libro | 84-505-7350-5 |
| 080 ## - NÚMERO DE LA CLASIFICACIÓN DECIMAL UNIVERSAL | |
| Número de la Clasificación Decimal Universal | 86-34"18" |
| 100 1# - ENTRADA PRINCIPAL--NOMBRE DE PERSONA | |
| Nombre de persona | Pérez Galdós, Benito, |
| Fechas asociadas al nombre | 1843-1920 |
| 9 (RLIN) | 90871 |
| 245 10 - MENCIÓN DEL TÍTULO | |
| Título | Ocho cuentos de Pérez Galdós / |
| Mención de responsabilidad, etc. | prólogo, selección, notas y bibliografía de Oswaldo Izquierdo Dorta ; edición patrocinada por el Cabildo Insular de Gran Canaria y la Consejería de Educación, Cultura y Deportes ; coordinada por la Sociedad de Estudios Galdosianos ; [dibujos interiores, Santiago Alemán Valls]. |
| 260 ## - PUBLICACIÓN, DISTRIBUCIÓN, ETC. | |
| Lugar de publicación, distribución, etc. | [Las Palmas de Gran Canaria : |
| Nombre del editor, distribuidor, etc. | Sociedad de Estudios Galdosianos], |
| Fecha de publicación, distribución, etc. | 1988. |
| 300 ## - DESCRIPCIÓN FÍSICA | |
| Extensión | 142 p. : |
| Otras características físicas | il. ; |
| Dimensiones | 22 cm. |
| 504 ## - NOTA DE BIBLIOGRAFÍA, ETC. | |
| Nota de bibliografía, etc. | Bibliografía: p. 139-142. |
| 700 1# - ENTRADA AGREGADA--NOMBRE PERSONAL | |
| Nombre de persona | Izquierdo Dorta, Oswaldo. |
| 9 (RLIN) | 65724 |
| 700 1# - ENTRADA AGREGADA--NOMBRE PERSONAL | |
| Nombre de persona | Alemán Valls, Santiago. |
| 9 (RLIN) | 19723 |
| 710 1# - ENTRADA AGREGADA--NOMBRE DE ENTIDAD CORPORATIVA | |
| Nombre de entidad corporativa o nombre de jurisdicción como elemento de entrada | Gran Canaria. |
| Unidad subordinada | Cabildo Insular. |
| 9 (RLIN) | 2264 |
| 852 ## - LOCALIZACIÓN | |
| Ubicación | ES-MaACL |
| Número de control de estantería | L-13793 |
| Estatus retirado | Estado de pérdida | Estado de daño | No para préstamo | Biblioteca de origen | Biblioteca actual | Ubicación en estantería | Fecha de adquisición | Fuente de adquisición | Total de préstamos | Signatura topográfica completa | Código de barras | Visto por última vez | Precio de reemplazo | Tipo de ítem Koha |
|---|---|---|---|---|---|---|---|---|---|---|---|---|---|---|
| Biblioteca del Ateneo de Madrid | Biblioteca del Ateneo de Madrid | Depósito 2 | 17/01/2008 | L-13793 | 1006683 | 23/02/2023 | 23/02/2023 | Libro impreso |
